• 首页
  • 本馆介绍
  • 公告通知
  • 最新文献
  • 馆藏检索
  • 电子资源
  • 读者导购
  • 参考咨询
  • 我的图书馆
  • 登录
  • 详细信息显示
  • 放入我的书架
  • 预约/预借图书
  • 作者相关作品
  • 分类相关作品
  • 丛书相关作品
  • 出版社相关作品

书目信息

  • 表格格式
  • 工作单格式
  • 卡片格式
题名:
服饰与身心轻疗愈
    
 
作者: 朱哲灵 著
分册:  
出版信息: 北京   华夏出版社  2017
页数: 182页
开本: 24cm
丛书名:
单 册:
中图分类: TS941.11
科图分类:
主题词: 服饰美学--fu shi mei xue
电子资源:
ISBN: 978-7-5080-9154-9
000 01152nam0 2200265 450
001 012001003809
005 20131105172922.0
010    @a978-7-5080-9154-9@dCNY38.00
099    @aCAL 012017093302
100    @a20170515d2017 em y0chiy50 ea
101 0  @achi
102    @aCN@b110000
105    @aa a 000yy
106    @ar
200 1  @a服饰与身心轻疗愈@Afu shi yu shen xin qing liao yu@f朱哲灵著
210    @a北京@c华夏出版社@d2017
215    @a182页@c图@d24cm
314    @a朱哲灵, 华夏文化网总构架师。
320    @a有书目 (第182页)
330    @a本书通过服饰环境学纵观世界上每个时期文化艺术的影子,借服饰这朵奇特的艺术之花从中见到中华传统文化之端倪。受其启发,作者把中国和西方的服饰从古至今作一番比较,从中体味一些道理。本书从生命的角度来阐述,包罗宇宙生命的共生与生物链环境,服饰只是华夏文明根文化长出的大树其中的一朵小花,有其独特性,也有其在中国文化大同下他对我们的警醒与期望,穿衣是有讲究的:不完全只是礼仪,对我们的健康和大环境影响也有着极其重要的关联!
606 0  @a服饰美学@Afu shi mei xue
690    @aTS941.11@v5
701  0 @a朱哲灵@Azhu zhe ling@4著
801  2 @aCN@b上海新华@c20191020
905    @b1206721-4@dTS941.11@e111@f4
    
    服饰与身心轻疗愈/朱哲灵著.-北京:华夏出版社,2017
    182页:图;24cm
    
    
    ISBN 978-7-5080-9154-9:CNY38.00
    本书通过服饰环境学纵观世界上每个时期文化艺术的影子,借服饰这朵奇特的艺术之花从中见到中华传统文化之端倪。受其启发,作者把中国和西方的服饰从古至今作一番比较,从中体味一些道理。本书从生命的角度来阐述,包罗宇宙生命的共生与生物链环境,服饰只是华夏文明根文化长出的大树其中的一朵小花,有其独特性,也有其在中国文化大同下他对我们的警醒与期望,穿衣是有讲究的:不完全只是礼仪,对我们的健康和大环境影响也有着极其重要的关联!
●
相关链接 在E读中查询图书 在五车中查询图书 在当当中查询图书 在豆瓣中查询图书


正题名:服饰与身心轻疗愈     索取号:TS941.11/111         预约/预借

序号 登录号 条形码 馆藏地/架位号 状态 备注
1 1206721   212067216   第二样本阅览室/ [索取号:TS941.11/111] 在馆    
2 1206722   212067225   第三借阅区/ [索取号:TS941.11/111] 在馆    
3 1206723   212067234   第三借阅区/ [索取号:TS941.11/111] 在馆    
4 1206724   212067243   第三借阅区/ [索取号:TS941.11/111] 在馆    
唐山师范学院图书馆 欢迎您!
大连网信软件有限公司© 版权所有